Microfinanzas y desarrollo económico en América Latina /
Zapisane w:
| 1. autor: | |
|---|---|
| Kolejni autorzy: | |
| Format: | Texto |
| Etykiety: |
Dodaj etykietę
Nie ma etykietki, Dołącz pierwszą etykiete!
|
MARC
| LEADER | 00000 a a2200000 04500 | ||
|---|---|---|---|
| 001 | 43354 | ||
| 003 | |||
| 040 | |||
| 100 | |a Camino, David | ||
| 245 | |a Microfinanzas y desarrollo económico en América Latina / |c David Camino ; Juan Lara | ||
| 700 | |a Lara, Juan | ||
| 773 | |g páginas 73-93 : tablas, gráficos | ||
| 999 | |c 30146 |d 30146 | ||
